| 000 | 00658nam a2200229Ia 4500 | ||
|---|---|---|---|
| 005 | 20260429111921.0 | ||
| 008 | 260429s9999||||xx |||||||||||||| ||und|| | ||
| 020 | _a9783031486869 | ||
| 041 | _aEnglish | ||
| 082 |
_a621.3815 _bAYV |
||
| 100 | _aAyvazyan, Gagik | ||
| 245 | 0 |
_aBlack silicon : _bformation, properties, and application / _cGagik Ayvazyan |
|
| 250 | _a1st ed. | ||
| 260 |
_aSwitzerland : _bSpringer, _c2024. |
||
| 300 | _axiv, 182 p.; hb | ||
| 440 | _aSynthesis Lectures on Materials and Optics | ||
| 650 | _a Applied physics | ||
| 650 | _a Nanotechnology | ||
| 650 | _a Semiconductor materials | ||
| 650 | _aSilicon | ||
| 942 | _cTB | ||
| 999 |
_c51422 _d51422 |
||